Quick Pick: Men's Golf Career Grand Slams Quiz Stats

 Plays Quiz Updated Jun 12, 2017

Support Sporcle.
Go Orange.
Score 0/6 Timer 00:30
0 Plays Today
% Correct
Jack Nicklaus
93.1%
Tiger Woods
92.8%
Gary Player
72.3%
Ben Hogan
69%
Bobby Jones
58%
Gene Sarazen
39.6%

Today's Daily Dose

You're not logged in!

Compare scores with friends on all Sporcle quizzes.
OR
Log In
Forgot?

From the Vault

Ben 10 Aliens by Picture

by THEJMAN

It started when an alien device did what it did / And stuck itself upon his wrist with secrets that it hid / Now he's got super powers, he's no ordinary kid / He's Ben 10!
Remove Ads.
Support Sporcle.
Get the best of Sporcle when you Go Orange. This ad-free experience offers more features, more stats, and more fun while also helping to support Sporcle. Thank you for becoming a member.

Show Comments

Extras

Top Quizzes Today


Score Distribution

Your Account Isn't Verified!

In order to create a playlist on Sporcle, you need to verify the email address you used during registration. Go to your Sporcle Settings to finish the process.

Report this User

Report this user for behavior that violates our Community Guidelines.

Details: